| 000 | 01313nam0a22003251 4500 | ||
|---|---|---|---|
| 001 | rc\3936196 | ||
| 005 | 20130415113429.3 | ||
| 021 |
_aRU _b[56-4749] |
||
| 035 | _a(NLR Aleph) 008035658 | ||
| 090 |
_a8849126 _c8849126 |
||
| 100 | _a20130415d1955 |||y0rusy50 ca | ||
| 101 | 0 | _arus | |
| 102 | _aRU | ||
| 105 | _aa z ||||| | ||
| 200 | 1 |
_aЛучшие сорта сельскохозяйственных культур для Башкирской АССР _fПод ред. Я. Ванюкова, канд. с.-х. наук |
|
| 210 |
_aУфа _cБашкнигоиздат _d1955 |
||
| 215 |
_a188 с. _cил. _d23 |
||
| 225 | 1 | _aБиблиотека специалиста сельского хозяйства | |
| 300 | _aПеред загл. авт.: А. Давыдов, М. Ардашев, К. Лавров | ||
| 320 | _aБиблиогр.: с. 185 (14 назв.) | ||
| 606 |
_aСельскохозяйственные культуры _xСорта _yБашкирская АССР _2psbo |
||
| 700 | 1 |
_aДавыдов _bА. А. _gАлександр Андреевич |
|
| 701 | 1 |
_aАрдашев _bМ. И. |
|
| 701 | 1 |
_aЛавров _bК. В. |
|
| 702 | 1 |
_aВанюков _bЯ. _4340 |
|
| 801 | 0 |
_aRU _bNLR _gpsbo |
|
| 801 | 1 |
_aRU _bELAR _2rusmarc |
|
| 852 |
_aNLR _jС30 Г-5/163 |
||
| 942 | _cBOOK | ||
| 980 | _aNB | ||